| 000 | 01002nam a2200313 a 4500 | ||
|---|---|---|---|
| 001 | 66027 | ||
| 003 | BD-RjUL | ||
| 005 | 20211209081507.0 | ||
| 008 | 170313s2010 enka b 001 0 eng | ||
| 020 | _a0198516126 (alk. paper) | ||
| 020 | _a0198516134 (alk. paper) | ||
| 035 | _a(BD-RjUL)66157 | ||
| 040 |
_aDLC _cDLC _dBD-RjUL _beng |
||
| 041 | _aeng | ||
| 082 | 0 | 0 |
_a577.63 _223 _bBRB 2010 |
| 100 | 1 |
_aBrönmark, Christer. _9195303 |
|
| 245 | 1 | 4 |
_aThe biology of lakes and ponds / _cChrister Brönmark, and Lars-Anders Hansson. |
| 250 | _a2nd ed. | ||
| 260 |
_aOxford : _bOxford University Press, _c2005. [ reprinted 2010]. |
||
| 300 |
_axiv, 285 p. : _bill. ; _c24 cm. |
||
| 504 | _aIncludes bibliographical references and index. | ||
| 650 | 0 |
_aPond ecology. _9195305 |
|
| 650 | 0 |
_aLake ecology. _9195306 |
|
| 700 | 1 |
_aHansson, Lars-Anders. _9195307 |
|
| 830 |
_aBiology of Habitats. _9195308 |
||
| 942 |
_2ddc _cBK |
||
| 999 |
_c66027 _d66027 |
||